000 00327nam a2200121Ia 4500
008 250110s9999 xx 000 0 und d
041 _aeng
100 _aMascarenhas Simran
_9182899
245 _aSea Front Casino Resort
260 _bBNCA B-Arch ID, Pune
_c2016
300 _a70p
700 _aGuide Name:Gavande Swapnil
_9210576
999 _c363768
_d363768